000 00265 a2200109 4500
999 _c243373
_d243373
001 8300
003 NUST
005 20180118185140.0
008 180118b xxu||||| |||| 00| 0 eng d
082 _a916.4 LAN
100 _aLandau, R
_98967
245 _athe beauty of Morocco (Transfered to SOA)
_hEnglish
260 _bEvans
_a1953
942 _aNUST-CAE
_cBK
_cBK
_k916.4 LAN
_2ddc